[Event "España ch 2010 sub18"]
[Site "Linares ESP"]
[Date "2010.07.31"]
[Round "8.7"]
[White "Vila Gonzalez, Daniel"]
[Black "Chueca Forcen, Alberto"]
[Result "0-1"]
[WhiteElo "2094"]
[BlackElo "2280"]
[PlyCount "98"]
[EventDate "2010.07.26"]
[EventType "swiss"]
[EventRounds "9"]
[EventCountry "ESP"]
[Source "lmi"]
[SourceDate "2010.07.26"]

1. e4 Nf6 2. e5 Nd5 3. d4 d6 4. Nf3 Bg4 5. Be2 e6 6. O-O Bxf3 7. Bxf3 dxe5 8.
dxe5 c6 9. c4 Ne7 10. b3 Ng6 11. Qxd8+ Kxd8 12. Bb2 Nd7 13. Re1 Bb4 14. Re3 Kc7
15. Bh5 Rad8 16. g3 a5 17. a3 Bc5 18. Re2 Be7 19. Bxg6 hxg6 20. Nd2 Nc5 21. Bc3
b6 22. Re3 Kb7 23. Rb1 Rd7 24. b4 axb4 25. axb4 Na4 26. Ne4 Nxc3 27. Rxc3 f5
28. exf6 gxf6 29. Rc2 Rd4 30. Nd2 Rhd8 31. Nf1 Rd1 32. Rcb2 e5 33. Kg2 f5 34.
Rxd1 Rxd1 35. Ne3 Rd3 36. b5 Bc5 37. bxc6+ Kxc6 38. Nd5 Rd4 39. Rc2 b5 40. Ne3
b4 41. Kf3 Rd3 42. Ke2 e4 43. Nd5 b3 44. Rd2 Rxd2+ 45. Kxd2 Bxf2 46. Kc3 Kc5
47. Kxb3 Bg1 48. h4 Bf2 49. Nf4 Bxg3 0-1

[Event "España ch 2010 sub18"]
[Site "Linares ESP"]
[Date "2010.07.31"]
[Round "8.8"]
[White "Alcaraz Ortega, Javier"]
[Black "Perera Borrego, Mariela"]
[Result "1-0"]
[WhiteElo "2242"]
[BlackElo "2068"]
[PlyCount "75"]
[EventDate "2010.07.26"]
[EventType "swiss"]
[EventRounds "9"]
[EventCountry "ESP"]
[Source "lmi"]
[SourceDate "2010.07.26"]

1. d4 d5 2. Bf4 Nf6 3. e3 c5 4. dxc5 e6 5. b4 a5 6. c3 b6 7. Bxb8 Rxb8 8. Bb5+
Ke7 9. c6 Qd6 10. a3 Ne8 11. Nd2 f6 12. Ngf3 Nc7 13. Qe2 g6 14. O-O Bg7 15. e4
Rd8 16. Rfe1 Kf8 17. exd5 exd5 18. Nd4 Ra8 19. Bd3 Re8 20. Qf1 Be6 21. h3 f5
22. N2f3 h6 23. Re2 Bf7 24. Rae1 Rxe2 25. Qxe2 Re8 26. Qd2 Rxe1+ 27. Qxe1 Be8
28. Qb1 axb4 29. Qxb4 Qc5 30. a4 Kf7 31. Qxc5 bxc5 32. Nb5 Nxb5 33. Bxb5 Ke7
34. c7 Bd7 35. a5 Kd6 36. a6 Kxc7 37. Bxd7 Kb6 38. Be6 1-0

[Event "España ch 2010 sub18"]
[Site "Linares ESP"]
[Date "2010.07.31"]
[Round "8.9"]
[White "Pruja Ramirez De Cartagena, Marc"]
[Black "Moral Garcia, Serafin"]
[Result "1-0"]
[WhiteElo "2228"]
[BlackElo "2084"]
[PlyCount "149"]
[EventDate "2010.07.26"]
[EventType "swiss"]
[EventRounds "9"]
[EventCountry "ESP"]
[Source "lmi"]
[SourceDate "2010.07.26"]

1. e4 e5 2. Nf3 Nc6 3. Bb5 a6 4. Ba4 Nf6 5. d3 d6 6. c3 g6 7. d4 Bd7 8. O-O Bg7
9. Re1 O-O 10. d5 Ne7 11. Bxd7 Qxd7 12. c4 Nh5 13. Nc3 h6 14. Be3 f5 15. exf5
Qxf5 16. Nd2 Nf6 17. f3 g5 18. Nde4 Nxe4 19. fxe4 Qg6 20. Qg4 Rf7 21. Rf1 Raf8
22. b4 Rf4 23. Bxf4 exf4 24. Rac1 Bxc3 25. Rxc3 Qxe4 26. Qe6+ Qxe6 27. dxe6 Nf5
28. g3 Nd4 29. e7 Re8 30. Re1 fxg3 31. hxg3 Nf5 32. Rf1 Nd4 33. Re1 Nf5 34. b5
a5 35. c5 Nd4 36. cxd6 cxd6 37. a4 Kf7 38. Rd3 Ne6 39. Rxd6 Rxe7 40. Re5 Kf6
41. Red5 Rc7 42. Rb6 h5 43. Kf2 Kf7 44. Rf5+ Kg6 45. Re5 Rc2+ 46. Ke3 Rc3+ 47.
Kd2 Rxg3 48. Rbxe6+ Kf7 49. Rb6 h4 50. Rxb7+ Kf6 51. Re2 h3 52. b6 g4 53. Ke1
Rb3 54. Rh7 Kg6 55. Rh8 Rxb6 56. Kf2 Kg5 57. Rg8+ Kh4 58. Rh8+ Kg5 59. Kg3 Rb3+
60. Kh2 Ra3 61. Rf8 Kh4 62. Rf4 Ra1 63. Rfe4 Ra3 64. Rc2 Ra1 65. Rd4 Ra3 66.
Rdc4 Ra1 67. Rd4 Ra3 68. Re4 Ra1 69. Rec4 Ra3 70. Kh1 Ra1+ 71. Rc1 Ra2 72. Rg1
h2 73. Rg2 Kh3 74. Rxa2 g3 75. Rxh2+ 1-0

[Event "España ch 2010 sub18"]
[Site "Linares ESP"]
[Date "2010.07.31"]
[Round "8.10"]
[White "Alvarado Diaz, Alejandro"]
[Black "Aranaz Murillo, Amalia"]
[Result "1/2-1/2"]
[WhiteElo "2068"]
[BlackElo "2190"]
[PlyCount "51"]
[EventDate "2010.07.26"]
[EventType "swiss"]
[EventRounds "9"]
[EventCountry "ESP"]
[Source "lmi"]
[SourceDate "2010.07.26"]

1. d4 d5 2. c4 c6 3. Nc3 Nf6 4. Nf3 a6 5. cxd5 cxd5 6. Bg5 Ne4 7. Bf4 Nc6 8. e3
Bg4 9. Be2 Nxc3 10. bxc3 e6 11. Rb1 b5 12. a4 b4 13. O-O Be7 14. cxb4 Nxb4 15.
Qd2 Bxf3 16. gxf3 a5 17. Bb5+ Kf8 18. Rfc1 Bd6 19. Bxd6+ Qxd6 20. Qc3 g5 21.
Qc7 Qxc7 22. Rxc7 Kg7 23. Rbc1 Kf6 24. Rb7 Rhb8 25. Rd7 Rd8 26. Rb7 1/2-1/2

[Event "España ch 2010 sub18"]
[Site "Linares ESP"]
[Date "2010.07.31"]
[Round "8.11"]
[White "Alonso Rosell, Alvar"]
[Black "Martinez Lopez, David"]
[Result "1-0"]
[WhiteElo "2521"]
[BlackElo "2110"]
[PlyCount "69"]
[EventDate "2010.07.26"]
[EventType "swiss"]
[EventRounds "9"]
[EventCountry "ESP"]
[Source "lmi"]
[SourceDate "2010.07.26"]

1. d4 e6 2. c4 d5 3. Nc3 f5 4. Bf4 c6 5. e3 Nf6 6. Qc2 Bd6 7. Nf3 O-O 8. Bd3
Ne4 9. O-O Bxf4 10. exf4 Nd7 11. Ne2 Qf6 12. c5 h6 13. Ne1 Qe7 14. f3 Nef6 15.
Qc1 Kh8 16. b4 Rg8 17. Qe3 Qf7 18. Kh1 g5 19. Bc2 g4 20. Nd3 h5 21. a4 Qg7 22.
Qf2 Nf8 23. Ne5 Ng6 24. Rab1 a6 25. Rb3 Nd7 26. fxg4 hxg4 27. h3 Qh7 28. Kg1
Ndxe5 29. fxe5 Nh4 30. hxg4 Rxg4 31. Rh3 Bd7 32. Nf4 Rag8 33. Bd1 Qh6 34. Bxg4
Rxg4 35. Rxh4 1-0

[Event "España ch 2010 sub18"]
[Site "Linares ESP"]
[Date "2010.07.31"]
[Round "8.12"]
[White "Cruz Lledo, Pablo"]
[Black "Castell Cantero, Salvador"]
[Result "1-0"]
[WhiteElo "2239"]
[BlackElo "2013"]
[PlyCount "105"]
[EventDate "2010.07.26"]
[EventType "swiss"]
[EventRounds "9"]
[EventCountry "ESP"]
[Source "lmi"]
[SourceDate "2010.07.26"]

1. d4 d5 2. Nf3 e6 3. e3 c6 4. Bd3 Bd6 5. b3 f5 6. O-O Nf6 7. Bb2 O-O 8. c4 Ne4
9. Ne5 Nd7 10. f3 Nef6 11. cxd5 cxd5 12. Nd2 Qc7 13. Rc1 Qb8 14. f4 Nb6 15. a4
Ne4 16. a5 Nxd2 17. Qxd2 Nd7 18. g4 Nf6 19. g5 Nd7 20. Nf3 b5 21. Ne5 a6 22.
Nc6 Qb7 23. Nb4 Nb8 24. Ba3 Qe7 25. Rc2 Bb7 26. Rfc1 Rd8 27. Be2 Ra7 28. Bf3
Ba8 29. h4 Rad7 30. Kf2 Bb7 31. Ke2 Qf8 32. Ra2 Rc8 33. Rxc8 Qxc8 34. Nd3 Bxa3
35. Rxa3 Rc7 36. Nc5 Nd7 37. b4 Nxc5 38. dxc5 Qf8 39. Qd4 Bc8 40. Qe5 Qe7 41.
Rd3 Bb7 42. Rc3 g6 43. Rc1 Qg7 44. Qxe6+ Kf8 45. Qe5 Qxe5 46. fxe5 Ke7 47. Kd3
Ke6 48. Kd4 Bc6 49. h5 Rf7 50. hxg6 hxg6 51. Rh1 f4 52. Bg4+ Ke7 53. e6 1-0

[Event "España ch 2010 sub18"]
[Site "Linares ESP"]
[Date "2010.07.31"]
[Round "8.13"]
[White "Baragaño Campa, David"]
[Black "Suarez Calvo, Alesandra"]
[Result "1/2-1/2"]
[WhiteElo "2169"]
[BlackElo "1987"]
[PlyCount "78"]
[EventDate "2010.07.26"]
[EventType "swiss"]
[EventRounds "9"]
[EventCountry "ESP"]
[Source "lmi"]
[SourceDate "2010.07.26"]

1. e4 e6 2. d4 d5 3. Nd2 Nf6 4. e5 Nfd7 5. Ngf3 c5 6. c3 Nc6 7. Bd3 b6 8. a3
Bb7 9. O-O Be7 10. Re1 Qc7 11. Nf1 h6 12. Bf4 g5 13. Be3 O-O-O 14. b4 c4 15.
Bc2 Rdg8 16. Qe2 h5 17. b5 Na5 18. N3d2 g4 19. f4 Nf8 20. f5 Nh7 21. f6 Bf8 22.
Kf2 Ng5 23. Bxg5 Rxg5 24. h3 Rhg8 25. hxg4 Rxg4 26. Ne3 R4g5 27. Nf3 Rg3 28.
Bh7 Nb3 29. Rab1 Bxa3 30. Bxg8 Rxg8 31. Rh1 Qd7 32. Nxc4 dxc4 33. Qxc4+ Nc5 34.
dxc5 Bxc5+ 35. Kf1 Rxg2 36. Kxg2 Qd2+ 37. Kh3 Bxf3 38. Rhg1 Bg4+ 39. Kh4 Qh2+
1/2-1/2

[Event "España ch 2010 sub18"]
[Site "Linares ESP"]
[Date "2010.07.31"]
[Round "8.14"]
[White "Collado Barbas, Laura"]
[Black "Donoso Sanchez, Alejandro"]
[Result "1/2-1/2"]
[WhiteElo "2051"]
[BlackElo "2159"]
[PlyCount "74"]
[EventDate "2010.07.26"]
[EventType "swiss"]
[EventRounds "9"]
[EventCountry "ESP"]
[Source "lmi"]
[SourceDate "2010.07.26"]

1. d4 Nf6 2. c4 c5 3. d5 e6 4. Nf3 exd5 5. cxd5 d6 6. e4 g6 7. Bd3 Bg7 8. h3
O-O 9. O-O b5 10. Re1 Re8 11. a4 c4 12. Bf1 Rxe4 13. axb5 Rxe1 14. Nxe1 Qc7 15.
Ra4 Bb7 16. Rxc4 Qe7 17. Nc3 Nbd7 18. Bg5 Nb6 19. Rd4 Qc7 20. Nc2 Nfd7 21. Rd3
Nc5 22. Rg3 Bxc3 23. Rxc3 Nxd5 24. Rc4 Qd7 25. Rh4 Ne6 26. Bh6 Qe7 27. Ra4 Qf6
28. Nd4 Nb6 29. Rb4 Re8 30. Nxe6 Rxe6 31. Qc1 Qe7 32. Bg5 Qe8 33. Qd2 Nd7 34.
Rd4 d5 35. Bd3 Nc5 36. Qc3 Nxd3 37. Qxd3 Re1+ 1/2-1/2

[Event "España ch 2010 sub18"]
[Site "Linares ESP"]
[Date "2010.07.31"]
[Round "8.15"]
[White "Gonzalez Laso, Adrian"]
[Black "Garcia Salamero, Gabriel"]
[Result "0-1"]
[WhiteElo "2026"]
[BlackElo "2157"]
[PlyCount "73"]
[EventDate "2010.07.26"]
[EventType "swiss"]
[EventRounds "9"]
[EventCountry "ESP"]
[Source "lmi"]
[SourceDate "2010.07.26"]

1. e4 e5 2. Nf3 Nf6 3. d4 Nxe4 4. Bd3 d5 5. Nxe5 Nd7 6. Nxd7 Bxd7 7. O-O Bd6 8.
c4 c6 9. cxd5 cxd5 10. Qh5 O-O 11. Qxd5 Bc6 12. Qh5 g6 13. Qh3 Qb6 14. Nc3 Rfe8
15. Be3 Qxb2 16. Nxe4 Bxe4 17. Bxe4 Rxe4 18. Qd7 Qa3 19. Qxb7 Rae8 20. Qd5 h5
21. Rab1 R8e6 22. Rb3 Qa6 23. Rb5 h4 24. Rc1 Qa3 25. Rf1 Rxe3 26. fxe3 Qxe3+
27. Kh1 Qf4 28. Kg1 Qxh2+ 29. Kf2 Bg3+ 30. Kf3 h3 31. Kg4 Bd6 32. Rb3 hxg2 33.
Qa8+ Kg7 34. Rxf7+ Kxf7 35. Qf3+ Kg7 36. Rb7+ Be7 37. d5 0-1

[Event "España ch 2010 sub18"]
[Site "Linares ESP"]
[Date "2010.08.01"]
[Round "9.1"]
[White "Forcen Esteban, Daniel"]
[Black "Espinosa Aranda, Angel"]
[Result "0-1"]
[WhiteElo "2379"]
[BlackElo "2397"]
[PlyCount "66"]
[EventDate "2010.07.26"]
[EventType "swiss"]
[EventRounds "9"]
[EventCountry "ESP"]
[Source "lmi"]
[SourceDate "2010.07.26"]

1. e4 c5 2. Nf3 Nc6 3. d4 cxd4 4. Nxd4 g6 5. Nc3 Bg7 6. Be3 Nf6 7. Bc4 O-O 8.
Bb3 a5 9. O-O a4 10. Nxa4 Nxe4 11. Nb5 d5 12. c3 e6 13. f3 Nd6 14. Nxd6 Qxd6
15. Bc5 Qc7 16. Bxf8 Bxf8 17. c4 dxc4 18. Bxc4 Bd6 19. h3 Ne7 20. Bd3 Nd5 21.
Rc1 Qe7 22. Be4 Ne3 23. Qd4 Nxf1 24. Kxf1 Bd7 25. Nb6 Bb5+ 26. Bd3 Qg5 27. Rc3
Rd8 28. h4 Qd2 29. Nd7 Rxd7 30. Rc8+ Bf8 31. Rxf8+ Kxf8 32. Qc5+ Kg7 33. Bxb5
Qd1+ 0-1

[Event "España ch 2010 sub18"]
[Site "Linares ESP"]
[Date "2010.08.01"]
[Round "9.2"]
[White "Arribas Lopez, Angel"]
[Black "Alcaraz Ortega, Javier"]
[Result "1/2-1/2"]
[WhiteElo "2442"]
[BlackElo "2242"]
[PlyCount "23"]
[EventDate "2010.07.26"]
[EventType "swiss"]
[EventRounds "9"]
[EventCountry "ESP"]
[Source "lmi"]
[SourceDate "2010.07.26"]

1. e4 d5 2. exd5 Qxd5 3. d4 Nc6 4. Nf3 Bg4 5. Be2 O-O-O 6. Be3 e5 7. Nc3 Qa5 8.
Nxe5 Bxe2 9. Qxe2 Nxe5 10. dxe5 Qxe5 11. O-O Nf6 12. Rad1 1/2-1/2

[Event "España ch 2010 sub18"]
[Site "Linares ESP"]
[Date "2010.08.01"]
[Round "9.3"]
[White "Pardo Simon, David"]
[Black "Pruja Ramirez De Cartagena, Marc"]
[Result "1-0"]
[WhiteElo "2354"]
[BlackElo "2228"]
[PlyCount "63"]
[EventDate "2010.07.26"]
[EventType "swiss"]
[EventRounds "9"]
[EventCountry "ESP"]
[Source "lmi"]
[SourceDate "2010.07.26"]

1. e4 c5 2. Nf3 d6 3. d4 Nf6 4. Nc3 cxd4 5. Nxd4 a6 6. Bg5 e6 7. f4 Nc6 8. Nxc6
bxc6 9. e5 h6 10. Bh4 g5 11. fxg5 Nd5 12. Ne4 Qb6 13. Bd3 hxg5 14. Bxg5 Qxb2
15. O-O Qxe5 16. h3 Be7 17. Bxe7 Kxe7 18. Qd2 f5 19. Qg5+ Kd7 20. Nf2 Qf6 21.
Qd2 Rg8 22. c4 Ne7 23. Be4 Qg5 24. Qe2 Rb8 25. Rad1 c5 26. Bf3 Bb7 27. Bxb7
Rxb7 28. Nd3 Ke8 29. Nf4 Qg7 30. Rxd6 Qh8 31. Nxe6 Rb2 32. Nc7+ 1-0

[Event "España ch 2010 sub18"]
[Site "Linares ESP"]
[Date "2010.08.01"]
[Round "9.4"]
[White "Martin Fuentes, Alberto"]
[Black "Coll Ortega, Jordi"]
[Result "1/2-1/2"]
[WhiteElo "2297"]
[BlackElo "2248"]
[PlyCount "125"]
[EventDate "2010.07.26"]
[EventType "swiss"]
[EventRounds "9"]
[EventCountry "ESP"]
[Source "lmi"]
[SourceDate "2010.07.26"]

1. e4 c6 2. Nc3 d5 3. Nf3 Bg4 4. h3 Bh5 5. d4 dxe4 6. Nxe4 Nd7 7. Be2 Ngf6 8.
Ng3 Bg6 9. O-O e6 10. Re1 Bd6 11. c4 Qc7 12. Nf1 O-O 13. c5 Be7 14. Bc4 b5 15.
Bb3 Rad8 16. Qe2 Rfe8 17. a4 b4 18. g3 e5 19. dxe5 Ne4 20. e6 fxe6 21. Bxe6+
Kh8 22. Bf4 Qb7 23. Bxd7 Rxd7 24. Rac1 Rd5 25. Ne3 Bxc5 26. Kg2 Rdd8 27. Rcd1
Rxd1 28. Qxd1 Bh5 29. g4 Qf7 30. Bh2 Bg6 31. Bg1 Qf6 32. Nc4 Bf7 33. Nfe5 Bd5
34. f3 Bxg1 35. Rxg1 Ng5 36. h4 Nxf3 37. Nxf3 Bxc4 38. Qd4 Qxd4 39. Nxd4 c5 40.
Nf5 Re2+ 41. Kg3 Rxb2 42. Re1 h6 43. Re8+ Kh7 44. Re7 Re2 45. Rxg7+ Kh8 46. Rb7
b3 47. g5 hxg5 48. hxg5 Bd3 49. Rb8+ Kh7 50. Rb7+ Kg6 51. Nh4+ Kxg5 52. Rxb3 c4
53. Rb5+ Kf6 54. Nf3 Re8 55. Rc5 Rg8+ 56. Kf4 Ke6 57. Ke3 Kd6 58. Ra5 Rg7 59.
Ne5 Bf1 60. Kd4 Rc7 61. Ra6+ Ke7 62. Rh6 Bd3 63. Nxd3 1/2-1/2

[Event "España ch 2010 sub18"]
[Site "Linares ESP"]
[Date "2010.08.01"]
[Round "9.5"]
[White "Chueca Forcen, Alberto"]
[Black "Vazquez Torres, Adrian"]
[Result "1-0"]
[WhiteElo "2280"]
[BlackElo "2210"]
[PlyCount "103"]
[EventDate "2010.07.26"]
[EventType "swiss"]
[EventRounds "9"]
[EventCountry "ESP"]
[Source "lmi"]
[SourceDate "2010.07.26"]

1. d4 d5 2. c4 Nc6 3. Nc3 Nf6 4. Nf3 Bg4 5. Bf4 Bxf3 6. gxf3 e6 7. e3 Bd6 8.
Bg3 h5 9. cxd5 exd5 10. Bh4 Qd7 11. Bxf6 gxf6 12. Nxd5 O-O-O 13. Nc3 Rhe8 14.
Qd2 Qf5 15. Be2 Bf4 16. Qd3 Qxd3 17. Bxd3 Nxd4 18. O-O-O Bh6 19. f4 Ne6 20. Ne4
Rxd3 21. Rxd3 Nxf4 22. exf4 Rxe4 23. Kd1 Bxf4 24. Re1 Rxe1+ 25. Kxe1 Bxh2 26.
Rh3 Be5 27. b3 Kd7 28. Rxh5 a5 29. Ke2 b6 30. Kd3 c6 31. Kc4 Kd6 32. a4 Ke6 33.
Rh8 Bd6 34. Rh5 Be5 35. Kd3 f5 36. Kc4 f4 37. f3 Kd6 38. Rh6+ f6 39. Rh7 b5+
40. axb5 cxb5+ 41. Kxb5 Bc3 42. Kc4 Bb4 43. Rh5 Ke6 44. Rb5 Bd2 45. Kd3 Bb4 46.
Ke4 Bd2 47. Rb6+ Ke7 48. Kf5 Be3 49. Rxf6 Kd7 50. Ke4 Ke7 51. Rf5 Bd2 52. Rd5
1-0

[Event "España ch 2010 sub18"]
[Site "Linares ESP"]
[Date "2010.08.01"]
[Round "9.6"]
[White "Gil Quilez, David"]
[Black "Alonso Rosell, Alvar"]
[Result "0-1"]
[WhiteElo "2133"]
[BlackElo "2521"]
[PlyCount "74"]
[EventDate "2010.07.26"]
[EventType "swiss"]
[EventRounds "9"]
[EventCountry "ESP"]
[Source "lmi"]
[SourceDate "2010.07.26"]

1. e4 c5 2. Nf3 d6 3. d4 Nf6 4. Nc3 cxd4 5. Nxd4 a6 6. Be2 e5 7. Nb3 Be7 8. O-O
O-O 9. Be3 Be6 10. f4 Qc7 11. f5 Bc4 12. g4 h6 13. Bxc4 Qxc4 14. Qf3 b5 15. g5
hxg5 16. Bxg5 Nbd7 17. Kh1 Rfe8 18. Rg1 Bf8 19. Rg3 d5 20. Nd2 Qc7 21. Rag1 d4
22. Nd5 Nxd5 23. exd5 e4 24. Qh5 f6 25. Bh6 Re7 26. Nxe4 Qe5 27. Nf2 Qxd5+ 28.
Qf3 Qxf3+ 29. Rxf3 Rc8 30. Bf4 Rxc2 31. Nd3 Ree2 32. a3 Kf7 33. Rd1 Ne5 34. Rh3
Bd6 35. Nc1 Re4 36. Bxe5 fxe5 37. b4 Rf4 0-1

[Event "España ch 2010 sub18"]
[Site "Linares ESP"]
[Date "2010.08.01"]
[Round "9.7"]
[White "Cubillo Muñoz, Miguel"]
[Black "Herrera Delgado, Alejandro"]
[Result "0-1"]
[WhiteElo "1970"]
[BlackElo "2316"]
[PlyCount "64"]
[EventDate "2010.07.26"]
[EventType "swiss"]
[EventRounds "9"]
[EventCountry "ESP"]
[Source "lmi"]
[SourceDate "2010.07.26"]

1. c4 e5 2. Nc3 Nc6 3. g3 f5 4. Bg2 Nf6 5. d3 Bb4 6. Bd2 O-O 7. Nd5 Bxd2+ 8.
Qxd2 d6 9. e3 e4 10. Nxf6+ Qxf6 11. d4 Ne7 12. Ne2 c5 13. O-O Be6 14. b3 Rfd8
15. f3 exf3 16. Bxf3 d5 17. cxd5 Bxd5 18. Rad1 Bxf3 19. Rxf3 cxd4 20. exd4 Rd7
21. Qd3 Rad8 22. Qc4+ Kh8 23. Rfd3 Nd5 24. Nc3 f4 25. Ne4 Qg6 26. Nc5 Rc7 27.
Qb5 b6 28. Na6 Rc2 29. Re1 h6 30. Re5 Nc3 31. Rxc3 Rxc3 32. Qe2 Rc1+ 0-1

[Event "España ch 2010 sub18"]
[Site "Linares ESP"]
[Date "2010.08.01"]
[Round "9.8"]
[White "Fernandez Garcia, Jose Miguel"]
[Black "Subirats Ruiz, Sergi"]
[Result "1-0"]
[WhiteElo "2252"]
[BlackElo "2138"]
[PlyCount "95"]
[EventDate "2010.07.26"]
[EventType "swiss"]
[EventRounds "9"]
[EventCountry "ESP"]
[Source "lmi"]
[SourceDate "2010.07.26"]

1. c4 Nf6 2. Nc3 d5 3. cxd5 Nxd5 4. g3 g6 5. Bg2 Nxc3 6. bxc3 Bg7 7. Nf3 O-O 8.
O-O Nc6 9. d4 Na5 10. e4 b6 11. Re1 c5 12. Bf4 Bb7 13. Rc1 Rc8 14. d5 b5 15. h4
Re8 16. h5 Qb6 17. hxg6 hxg6 18. Ng5 e5 19. dxe6 f6 20. Nf7 Qxe6 21. Nd6 Rcd8
22. Qe2 Rxd6 23. Bxd6 Qxd6 24. Qxb5 Qd8 25. Rcd1 Bc6 26. Qxc5 Qb6 27. Qxb6 axb6
28. Rd6 Bf8 29. Rxf6 Kg7 30. e5 Bxg2 31. Kxg2 Nc4 32. Rc6 Bc5 33. Re4 Nd2 34.
Rc7+ Kg8 35. Rg4 Re6 36. a4 Be7 37. Rd4 Nb3 38. Rd5 Kf7 39. f4 Na5 40. Rd6 Nb3
41. Rxe6 Kxe6 42. Rc6+ Kd5 43. Rxb6 Nc5 44. a5 Nd7 45. Rxg6 Nb8 46. a6 Bc5 47.
Rd6+ Ke4 48. e6 1-0

[Event "España ch 2010 sub18"]
[Site "Linares ESP"]
[Date "2010.08.01"]
[Round "9.9"]
[White "Garcia Salamero, Gabriel"]
[Black "Cruz Lledo, Pablo"]
[Result "1/2-1/2"]
[WhiteElo "2157"]
[BlackElo "2239"]
[PlyCount "116"]
[EventDate "2010.07.26"]
[EventType "swiss"]
[EventRounds "9"]
[EventCountry "ESP"]
[Source "lmi"]
[SourceDate "2010.07.26"]

1. e4 c6 2. d4 g6 3. Nf3 d5 4. e5 Nh6 5. Bd3 Bg7 6. c3 O-O 7. Be3 f6 8. Qd2 Ng4
9. exf6 Nxe3 10. Qxe3 exf6 11. O-O Re8 12. Qc1 Be6 13. Nbd2 Nd7 14. b4 a5 15.
a3 b5 16. Nb3 a4 17. Nc5 Bg4 18. Nxd7 Qxd7 19. Qf4 Bxf3 20. Qxf3 Re7 21. Rfe1
Rae8 22. Kf1 Kf7 23. Qf4 Re6 24. Re3 Rxe3 25. fxe3 Bf8 26. Kg1 Kg7 27. Rf1 Qe6
28. Rf3 Bd6 29. Qh4 f5 30. Rh3 h5 31. Rf3 Kh6 32. Qf2 Be7 33. h4 Qf6 34. g3 Bd6
35. Qc2 Qe6 36. Qd2 Kg7 37. Kg2 Kf6 38. Kf2 Ke7 39. Qc2 Kd7 40. Qd2 Kc7 41. Qd1
Bf8 42. Qc1 Bh6 43. Qd2 Kb6 44. Qc1 Qd6 45. Qd2 Rxe3 46. Rxe3 f4 47. gxf4 Qxf4+
48. Ke2 Qg4+ 49. Kf1 Qf4+ 50. Ke2 Qg4+ 51. Ke1 Qg1+ 52. Ke2 Bf4 53. Bc2 g5 54.
hxg5 h4 55. Qd3 Qg2+ 56. Kd1 Bxe3 57. Qxe3 h3 58. Qf4 h2 1/2-1/2

[Event "España ch 2010 sub18"]
[Site "Linares ESP"]
[Date "2010.08.01"]
[Round "9.10"]
[White "Nieto De La Cruz, Julio"]
[Black "Alvarado Diaz, Alejandro"]
[Result "1/2-1/2"]
[WhiteElo "2208"]
[BlackElo "2068"]
[PlyCount "84"]
[EventDate "2010.07.26"]
[EventType "swiss"]
[EventRounds "9"]
[EventCountry "ESP"]
[Source "lmi"]
[SourceDate "2010.07.26"]

1. d4 Nf6 2. c4 c5 3. d5 b5 4. Qc2 d6 5. e4 g6 6. Nf3 Bg7 7. cxb5 O-O 8. Nc3 a6
9. a4 Nbd7 10. Rb1 Ne8 11. Be2 Nc7 12. O-O axb5 13. axb5 Nb6 14. Rd1 f5 15. Bd3
fxe4 16. Bxe4 Bf5 17. Ne2 Qd7 18. Ng3 Bxe4 19. Qxe4 Ra4 20. b4 Nxb5 21. Bd2 Nc7
22. Bg5 Bf6 23. h4 Na6 24. h5 Nxb4 25. hxg6 N4xd5 26. gxh7+ Kh8 27. Qg6 Qe8 28.
Qxe8 Rxe8 29. Bxf6+ exf6 30. Rb2 Kxh7 31. Rbd2 Nc3 32. Rc1 Nbd5 33. Rdc2 Nb5
34. Rb2 Nb4 35. Rd2 Nc6 36. Nf5 Re6 37. Rcd1 Rf4 38. Nxd6 Nbd4 39. Nxd4 Nxd4
40. Nb7 Ne2+ 41. Kf1 Ng3+ 42. Kg1 Ne2+ 1/2-1/2

[Event "España ch 2010 sub18"]
[Site "Linares ESP"]
[Date "2010.08.01"]
[Round "9.11"]
[White "Martinez Ramirez, Erik"]
[Black "Vila Gonzalez, Daniel"]
[Result "1-0"]
[WhiteElo "2216"]
[BlackElo "2094"]
[PlyCount "113"]
[EventDate "2010.07.26"]
[EventType "swiss"]
[EventRounds "9"]
[EventCountry "ESP"]
[Source "lmi"]
[SourceDate "2010.07.26"]

1. e4 c5 2. Nf3 Nc6 3. d4 cxd4 4. Nxd4 Nf6 5. Nc3 e5 6. Ndb5 d6 7. Bg5 a6 8.
Na3 b5 9. Bxf6 gxf6 10. Nd5 f5 11. Bd3 Be6 12. O-O Bxd5 13. exd5 Ne7 14. Re1
Bg7 15. c3 O-O 16. Nc2 e4 17. Bf1 Re8 18. a4 bxa4 19. Na3 Rb8 20. Nc4 Rb5 21.
Qxa4 Rxd5 22. Qxa6 Be5 23. Red1 Rxd1 24. Rxd1 Nc8 25. Qb5 f6 26. Ne3 Ne7 27.
Bc4+ Kh8 28. Be6 f4 29. Ng4 Ng6 30. Nxe5 fxe5 31. Bf7 Rf8 32. Bxg6 hxg6 33. Qe2
e3 34. fxe3 Qb6 35. Qf2 Qxe3 36. Qxe3 fxe3 37. Re1 Rb8 38. b4 d5 39. Rxe3 d4
40. cxd4 exd4 41. Rb3 Kg7 42. b5 Rb6 43. Kf2 Kf6 44. Ke2 Ke5 45. Kd3 Kd5 46.
Rb2 Kc5 47. h4 Kd5 48. g4 Rf6 49. b6 Rf3+ 50. Ke2 Rh3 51. Kf1 Rf3+ 52. Ke2 Rh3
53. Rb5+ Ke4 54. b7 d3+ 55. Kd2 Rh2+ 56. Kc3 Rc2+ 57. Kb3 1-0

[Event "España ch 2010 sub18"]
[Site "Linares ESP"]
[Date "2010.08.01"]
[Round "9.12"]
[White "Pozueta Alegria, Adrian"]
[Black "De Nacimiento Montaño, Angel"]
[Result "1-0"]
[WhiteElo "2089"]
[BlackElo "2193"]
[PlyCount "51"]
[EventDate "2010.07.26"]
[EventType "swiss"]
[EventRounds "9"]
[EventCountry "ESP"]
[Source "lmi"]
[SourceDate "2010.07.26"]

1. e4 c5 2. Nc3 Nc6 3. g3 g6 4. Bg2 Bg7 5. d3 d6 6. Be3 Nf6 7. h3 O-O 8. Nge2
Rb8 9. Qd2 b5 10. O-O b4 11. Nd1 Ba6 12. f4 Nd7 13. g4 c4 14. d4 c3 15. bxc3
Bxe2 16. Qxe2 bxc3 17. e5 Rc8 18. Rb1 dxe5 19. dxe5 Nb6 20. Nxc3 Nxe5 21. Rfd1
Qe8 22. Bxb6 axb6 23. Nd5 Nc6 24. Qe4 Qd8 25. Kh1 Nd4 26. Nxe7+ 1-0

[Event "España ch 2010 sub18"]
[Site "Linares ESP"]
[Date "2010.08.01"]
[Round "9.13"]
[White "Aranaz Murillo, Amalia"]
[Black "Alshameary Puente, Ismael"]
[Result "1-0"]
[WhiteElo "2190"]
[BlackElo "2021"]
[PlyCount "105"]
[EventDate "2010.07.26"]
[EventType "swiss"]
[EventRounds "9"]
[EventCountry "ESP"]
[Source "lmi"]
[SourceDate "2010.07.26"]

1. Nf3 Nf6 2. c4 g6 3. Nc3 Bg7 4. e4 d6 5. d4 O-O 6. Be2 Nbd7 7. Be3 e5 8. d5
Nh5 9. g3 Nhf6 10. Nd2 h6 11. g4 Nxg4 12. Bxg4 f5 13. exf5 gxf5 14. Rg1 f4 15.
Be6+ Kh8 16. Qg4 Qe7 17. Nde4 fxe3 18. fxe3 Nf6 19. Nxf6 Qxf6 20. O-O-O e4 21.
Qxe4 Bxe6 22. dxe6 Rae8 23. Rg6 Qf2 24. Rdg1 Re7 25. Nd1 Qf5 26. Qh4 Rf6 27.
Rxf6 Qxf6 28. Qxf6 Bxf6 29. Rg6 Bg5 30. h4 Kh7 31. h5 Re8 32. Kd2 Rf8 33. Nc3
c6 34. Ne4 Be7 35. Ke2 Rf5 36. Kd3 Rxh5 37. Rf6 d5 38. Rf7+ Kg6 39. Rxe7 dxe4+
40. Kxe4 Kf6 41. Rxb7 Ra5 42. e7 Re5+ 43. Kf4 Rxe7 44. Rxe7 Kxe7 45. b4 Kd6 46.
a4 h5 47. Kg5 Ke5 48. b5 cxb5 49. cxb5 Kd5 50. a5 Kc5 51. b6 axb6 52. axb6 Kxb6
53. Kxh5 1-0

[Event "España ch 2010 sub18"]
[Site "Linares ESP"]
[Date "2010.08.01"]
[Round "9.14"]
[White "Moral Garcia, Serafin"]
[Black "Baragaño Campa, David"]
[Result "1/2-1/2"]
[WhiteElo "2084"]
[BlackElo "2169"]
[PlyCount "57"]
[EventDate "2010.07.26"]
[EventType "swiss"]
[EventRounds "9"]
[EventCountry "ESP"]
[Source "lmi"]
[SourceDate "2010.07.26"]

1. e4 c5 2. Nf3 e6 3. c3 Nf6 4. e5 Nd5 5. Bc4 Nb6 6. Bb3 d6 7. exd6 Bxd6 8. d4
cxd4 9. cxd4 N8d7 10. Nc3 Nf6 11. O-O O-O 12. Qe2 Bd7 13. Rd1 Bc6 14. Ne5 Rc8
15. Bg5 Be7 16. Bc2 Nbd5 17. a3 b6 18. Qd3 g6 19. Bh6 Nxc3 20. Nxc6 Rxc6 21.
bxc3 Qc7 22. Bxf8 Rxc3 23. Qxc3 Qxc3 24. Bxe7 Nd5 25. Bd6 Qxc2 26. Rac1 Qa4 27.
Rc8+ Kg7 28. Rd3 f6 29. Rc1 1/2-1/2